| 000 | 01628nam a22002297a 4500 | ||
|---|---|---|---|
| 003 | St Aloysius Coll | ||
| 005 | 20250729112508.0 | ||
| 008 | 250728b |||||||| |||| 00| 0 eng d | ||
| 020 | _a9789364372701 | ||
| 040 | _cAL | ||
| 041 | _aEnglish | ||
| 082 |
_a530.02 _bCHEN |
||
| 100 |
_aMelemnganba Chenglel W _9220560 |
||
| 245 |
_aNTA CSIR UGC NET SET Physical Sciences _b: JRF and Lecturership |
||
| 260 |
_aNew Delhi _bArihant Publications |
||
| 300 |
_a1280p. _bPB _c27x21cm. |
||
| 365 |
_2General _a1941 _b₹796.00 _c₹ _d₹995.00 _e20% _f07/14/2025 |
||
| 520 | _aBOOK STRUCTURE • Unitwise coverage of the entire syllabus for Physical Sciences ; Sample questions provided on CSIR website ; Solved paper 2024 BOOK FEATURES ;Complete & exhaustive coverage of the theory ; Chapterwise coverage of the complete syllabus ; Sufficient number of MCQs as per the latest pattern ; Contains all the necessary tools & techniques ; Includes sample questions provided on CSIR website for practice ; Fully solved 2024 question paper for paper pattern understanding WHY THIS BOOK ; Structured in a way that every topic begins with a discussion of the physics like a textbook and supplemented by practice questions ; Includes long answer and subjective type questions for better understanding ; Only book in the market that has complete & exhaustive theory exactly on the NTA UGC CSIR NET pattern & difficulty level ;Contains all the necessary tools & techniques which will assure your success in the exam | ||
| 650 |
_2Sciences _aPhysical Sciences _9220566 |
||
| 700 |
_aDharamveer Singh, Ishrat Ali _9220562 |
||
| 942 |
_2ddc _cBK |
||
| 999 |
_c234675 _d234675 |
||